| 000 | 00542nam a2200157Ia 4500 | ||
|---|---|---|---|
| 008 | 210327s9999||||xx |||||||||||||| ||und|| | ||
| 040 | _cSTCPL | ||
| 041 | _hMAL | ||
| 082 |
_a170 _bSAD-S |
||
| 100 | _aSadhu Ittiyavirah | ||
| 245 | 0 |
_aSanmarga sasthra padangal _hസന്മാര്ഗ്ഗ ശാസ്ത്ര പാഠനങ്ങള് |
|
| 260 |
_aDelhi _bVidyarthi Mithram _c1971 |
||
| 300 | _aP- 72 18 CM | ||
| 650 | _aEthics (Moral Philosophy)കുട്ടികളുടെ സാഹിത്യം | ||
| 942 | _cBK | ||
| 999 |
_c25763 _d25763 |
||